000 00308cam a2200121ua 4500
082 _a810
_bCUM/AM
100 _aCunliffe, Marcus .
_91731
245 _aAmerican Sahityam
260 _a :
_bSahithya Pravarthaka Co- Operative SocietyLtd ,
_c1966.
300 _a383 ; .
650 _aLiterature
_91732
942 _cBK
999 _c623
_d623